Busiest air routes from Lisbon - Statistics

General Stats
  • This quiz has been taken 918 times
  • The average score is 14 of 20
Answer Stats
Passengers City % Correct
753,173 London - Heathrow
98%
975,849 Madrid
98%
542,947 Paris - Charles de Gaulle
98%
884,063 Paris - Orly
98%
514,813 Barcelona
94%
382,934 Rome - Fiumicino
92%
663,778 Amsterdam
85%
411,799 Porto
83%
558,519 Frankfurt
80%
304,811 Milan - Malpensa
80%
258,690 Rio de Janeiro - Galeão
75%
388,027 Munich
74%
398,930 Brussels
71%
275,419 São Paulo - Guarulhos
71%
389,647 Zurich
66%
468,017 Geneva
48%
787.992 Funchal
44%
386,387 Luanda
40%
294,297 Ponta Delgada
28%
238,663 Newark
16%
No matching quizzes found
Score Distribution
Percent of People with Each Score
Percentile by Number Answered
Your Score History
You have not taken this quiz